[Event "Registro op 10th"]
[Site "Registro"]
[Date "2019.08.03"]
[Round "4"]
[White "Ferreira, Raphael Suzuki"]
[Black "Magario, Eduardo Hisayoshi"]
[Result "1-0"]
[WhiteElo "1638"]
[BlackElo "1787"]
[PlyCount "61"]
[EventDate "2019.08.01"]
[EventType "swiss"]
[EventRounds "7"]
[EventCountry "BRA"]
[SourceTitle "EXT 2020"]
[Source "ChessBase"]
[SourceDate "2019.10.17"]
[SourceVersion "1"]
[SourceVersionDate "2019.10.17"]
[SourceQuality "1"]

1. c4 c5 2. Nc3 Nc6 3. g3 Nf6 4. Bg2 e6 5. e3 Be7 6. Nge2 0-0 7. 0-0 a6 8. d4 cxd4 9. exd4 d5 10. cxd5 exd5 11. h3 h6 12. Nf4 Be6 13. Nxe6 fxe6 14. Re1 Qd7 15. Ne2 Bd6 16. Bf4 Bb4 17. Bd2 Rac8 18. Bxb4 Nxb4 19. Rc1 Rce8 20. Qb3 Nc6 21. Rcd1 Na5 22. Qc2 Rc8 23. Qb1 Nc4 24. Nf4 Rfe8 25. h4 Nd6 26. f3 Nc4 27. Bh3 Rc6 28. Re2 Rb6 29. Rde1 Ne4 30. fxe4 dxe4 31. Qxe4 1-0

[Event "Registro Oliveira Memorial"]
[Site "Registro"]
[Date "2016.07.02"]
[Round "2"]
[White "Bonfim, Regina Rodrigues"]
[Black "Magario, Eduardo Hisayoshi"]
[Result "1-0"]
[WhiteElo "1799"]
[BlackElo "1787"]
[PlyCount "83"]
[EventDate "2016.07.02"]
[EventType "swiss"]
[EventRounds "6"]
[EventCountry "BRA"]
[SourceTitle "EXT 2017"]
[Source "ChessBase"]
[SourceDate "2016.10.25"]
[SourceVersion "1"]
[SourceVersionDate "2016.10.25"]
[SourceQuality "1"]

1. d4 Nf6 2. Nf3 d5 3. c4 e6 4. Nc3 Be7 5. e3 c6 6. Bd3 h6 7. Ne5 Nbd7 8. 0-0 0-0 9. f4 c5 10. cxd5 cxd4 11. exd4 Nxe5 12. fxe5 Nxd5 13. Be4 Rb8 14. Nxd5 exd5 15. Bc2 Be6 16. Qd3 g6 17. Bxh6 Re8 18. Qg3 Kh7 19. Be3 Bh4 20. Qf4 Rh8 21. Rf3 Kg7 22. Raf1 Qe7 23. g3 g5 24. Qf6+ Qxf6 25. exf6+ Kf8 26. gxh4 gxh4 27. Bf5 Re8 28. Bd2 Rh5 29. Bb4+ Kg8 30. Be7 Bxf5 31. Rxf5 Rxf5 32. Rxf5 Rc8 33. Rxd5 Rc2 34. Rg5+ Kh7 35. Rg7+ Kh6 36. Rxf7 h3 37. Rg7 Rxb2 38. Rg3 Rxa2 39. Rxh3+ Kg6 40. Rg3+ Kf7 41. Rg7+ Ke8 42. Bc5 1-0

[Event "Registro Oliveira Memorial"]
[Site "Registro"]
[Date "2016.07.02"]
[Round "1"]
[White "Magario, Eduardo Hisayoshi"]
[Black "Cardozo, Matheus Santos"]
[Result "1/2-1/2"]
[WhiteElo "1787"]
[BlackElo "1817"]
[PlyCount "150"]
[EventDate "2016.07.02"]
[EventType "swiss"]
[EventRounds "6"]
[EventCountry "BRA"]
[SourceTitle "EXT 2017"]
[Source "ChessBase"]
[SourceDate "2016.10.25"]
[SourceVersion "1"]
[SourceVersionDate "2016.10.25"]
[SourceQuality "1"]

1. c4 c5 2. e4 Nc6 3. Nc3 g6 4. Nf3 Bg7 5. d3 d6 6. Bd2 Nf6 7. Be2 0-0 8. 0-0 a6 9. Qc1 Re8 10. h3 Rb8 11. a4 Nd4 12. Bd1 e6 13. Bg5 Qc7 14. Nxd4 cxd4 15. Ne2 Nd7 16. Bd2 b6 17. f4 Bb7 18. b4 Rbc8 19. Qa3 Red8 20. Rc1 Qb8 21. Ng3 d5 22. cxd5 exd5 23. e5 Rxc1 24. Bxc1 Nf8 25. Bb2 Ne6 26. Ne2 Bf8 27. Bxd4 Nxd4 28. Nxd4 a5 29. Qb3 Bxb4 30. Nf3 Rc8 31. d4 Rc3 32. Qb1 Ba6 33. Rf2 Bd3 34. Bc2 Qc7 35. Ne1 Ba6 36. Kh2 Re3 37. Nf3 Qc3 38. f5 Bd3 39. Bxd3 Qxd3 40. Qxd3 Rxd3 41. fxg6 hxg6 42. Rc2 Rc3 43. Re2 Ra3 44. e6 Bd6+ 45. Kg1 Kf8 46. Kf2 Rxa4 47. exf7 Kxf7 48. Ng5+ Kg7 49. Re6 Ra2+ 50. Kf3 Ra3+ 51. Kg4 Rg3+ 52. Kh4 Bf4 53. Re7+ Kf8 54. Rf7+ Ke8 55. Rxf4 Rxg2 56. Rg4 Rd2 57. Ne6 Kf7 58. Nc7 b5 59. Nxb5 a4 60. Rg5 a3 61. Rxd5 a2 62. Rd7+ Kf6 63. Ra7 Rg2 64. Ra6+ Kf5 65. Ra3 g5+ 66. Kh5 Rg3 67. Rxg3 a1Q 68. Rxg5+ Ke6 69. Re5+ Kd7 70. h4 Qd1+ 71. Kh6 Qd2+ 72. Rg5 Qf2 73. h5 Qf6+ 74. Rg6 Qh8+ 75. Kg5 Qd8+ 1/2-1/2